Business Studies (Record no. 6092)

MARC details
005 - DATE AND TIME OF LATEST TRANSACTION
control field 20250628154414.0
020 ## - INTERNATIONAL STANDARD BOOK NUMBER
International Standard Book Number 978-1-4441-0777-7
100 ## - MAIN ENTRY--PERSONAL NAME
Author name DENBY, N
245 ## - TITLE STATEMENT
Title Business Studies
260 ## - PUBLICATION, DISTRIBUTION, ETC.
Place of publication, distribution, etc. Banbury
Name of publisher, distributor, etc. Bookpoint
Date of publication, distribution, etc. 2015
300 ## - PHYSICAL DESCRIPTION
Extent 143p.: ill; pictures
Other physical details Index
Dimensions 20cm
942 ## - ADDED ENTRY ELEMENTS (KOHA)
Source of classification or shelving scheme Dewey Decimal Classification
Koha item type Books
Holdings
Date last seen Total checkouts Full call number Barcode Cost, replacement price Price effective from Koha item type Lost status Source of classification or shelving scheme Damaged status Not for loan Withdrawn status Home library Current library Shelving location Date acquired Source of acquisition Cost, normal purchase price
06/28/2025   650 DEN MBY000840 82950.00 06/28/2025 Books   Dewey Decimal Classification       CBE MBEYA CBE MBEYA General Collection 08/21/2017 PURCHASE 27650.00
06/28/2025   650 DEN MBY000841 82950.00 06/28/2025 Books   Dewey Decimal Classification       CBE MBEYA CBE MBEYA General Collection 08/21/2017 PURCHASE 27650.00